000 00673nam a2200193 a 4500
001 22680
003 CO-ViMGA
008 141112s2004 ck r 000 u spa d
020 _a9788420637518
040 _aCO-ViMGA
_bspa
_cCO-ViMGA
082 0 4 _a301.15 C153m
100 1 _aCanetti, Elias
_949387
245 1 0 _aMasa y poder
260 _aEspaña
300 _a589
505 _aLa masa, La muta, Muta y religion, Masa e historia, Las entrañas del poder, El superviviente, Elementos del poder, La orden, La metamorfosis, Aspectos del poder, Poderio y paranola
650 1 4 _aPODER "CIENCIAS SOCIALES", CONDUCTA COLECTIVA, CONTROL ( PSICOLOGIA)
_932339
942 _2ddc
_cBK
999 _c30979
_d30979